Statistics for If Oceania Didn't Exist...

Click here to take the quiz!

General Stats

  • This quiz has been taken 144 times
    (84 since last reset)
  • The average score is 45 of 80

Answer Stats

% Correct
Most obeseUnited States
96%
EasternmostRussia
94%
Least populousVatican City
94%
SmallestVatican City
94%
Smallest legislatureVatican City
94%
Smallest road networkVatican City
94%
EasternmostJapan
92%
EasternmostChina
85%
EasternmostIndonesia
83%
Least populousMonaco
83%
Smallest legislatureMonaco
83%
SmallestMonaco
83%
Smallest road networkMonaco
83%
SmallestSan Marino
83%
Smallest road networkSan Marino
83%
Least populousSan Marino
83%
EasternmostSouth Korea
81%
SmallestLiechtenstein
77%
Least populousLiechtenstein
77%
Smallest legislatureLiechtenstein
77%
Smallest road networkAndorra
75%
Least guessed on CoTW quizSaint Kitts and Nevis
73%
Smallest with 1+ star on flagSaint Kitts and Nevis
73%
Smallest legislatureSaint Kitts and Nevis
73%
Smallest economySaint Kitts and Nevis
73%
SmallestSaint Kitts and Nevis
73%
Least populousSaint Kitts and Nevis
73%
Smallest legislatureSaint Lucia
71%
Furthest from LondonChile
67%
Least guessed on CoTW quizSaint Vincent and the Grenadines
65%
Smallest with 1+ star on flagSaint Vincent and the Grenadines
65%
Least exportsSaint Vincent and the Grenadines
65%
Smallest economySaint Vincent and the Grenadines
65%
Smallest with 1+ star on flagAntigua and Barbuda
63%
Furthest from LondonEast Timor
58%
Smallest economyGrenada
58%
Smallest with 1+ star on flagGrenada
58%
Least guessed on CoTW quizGrenada
58%
FlattestSingapore
58%
Furthest from LondonSingapore
58%
Smallest with 1+ star on flagSingapore
58%
Furthest from LondonBrunei
56%
Smallest economyDominica
56%
Least exportsDominica
56%
FlattestDenmark
54%
FlattestNetherlands
54%
Smallest economySão Tomé and Príncipe
54%
Least exportsSão Tomé and Príncipe
54%
Least guessed on CoTW quizSão Tomé and Príncipe
54%
FlattestMaldives
48%
Smallest road networkMaldives
48%
Least guessed on CoTW quizComoros
46%
Least exportsComoros
46%
Least international visitorsComoros
46%
Airports per capitaSeychelles
46%
Education spending as % of GDPCuba
42%
Airports per capitaIceland
42%
FlattestQatar
42%
Most obeseQatar
42%
Most obeseKuwait
40%
Furthest from LondonUruguay
40%
Most obeseSaudi Arabia
38%
Education spending as % of GDPNorway
33%
Least international visitorsBhutan
31%
Airports per capitaBahamas
29%
Airports per capitaParaguay
29%
Smoking rateCyprus
27%
Smoking rateJordan
23%
Most obeseJordan
23%
Education spending as % of GDPDjibouti
21%
Least exportsGambia
21%
Airports per capitaBelize
19%
Least international visitorsMoldova
19%
Education spending as % of GDPNamibia
17%
Smoking rateSerbia
17%
Education spending as % of GDPBotswana
15%
Smoking rateBulgaria
15%
Least international visitorsChad
15%
Smoking rateCroatia
15%
Least international visitorsMauritania
15%

Score Distribution

Percentile by Number Answered

Percent of People with Each Score

Your Score History

You have not taken this quiz since the last reset